Zwycięzcy Grand Prix Monako F1(1950-2022) - Statystyki

Ogólne statystyki
  • Ten quiz został rozwiązany 88 razy
  • Średni wynik to 46 z 68
Statystyki odpowiedzi
Rok Kierowca Zespół % Poprawnych
2008 Lewis Hamilton McLaren-Mercedes
99%
2016 Lewis Hamilton Mercedes
99%
2019 Lewis Hamilton Mercedes
99%
2006 FernandoAlonso Renault
98%
2007 FernandoAlonso McLaren-Mercedes
98%
2021 Max Verstappen Red Bull
98%
2011 Sebastian Vettel Red Bull
98%
2017 Sebastian Vettel Ferrari
98%
1983 Keke Rosberg Williams-Cosworth
96%
2013 Nico Rosberg Mercedes
96%
2014 Nico Rosberg Mercedes
96%
2015 Nico Rosberg Mercedes
96%
2022 Sergio Perez Red Bull
95%
1994 MichaelSchumacher Benetton-Cosworth
93%
1995 MichaelSchumacher Benetton-Renault
93%
1997 MichaelSchumacher Ferrari
93%
1999 MichaelSchumacher Ferrari
93%
2001 MichaelSchumacher Ferrari
93%
2009 Jenson Button Brawn GP
92%
2010 Mark Webber Red Bull
90%
2012 Mark Webber Red Bull
90%
1987 Ayrton Senna Lotus-Honda
88%
1989 Ayrton Senna McLaren-Honda
88%
1990 Ayrton Senna McLaren-Honda
88%
1991 Ayrton Senna McLaren-Honda
88%
1992 Ayrton Senna McLaren-Honda
88%
1993 Ayrton Senna McLaren-Cosworth
88%
2018 DanielRicciardo Red Bull
88%
2005 Kimi Räikkönen McLaren-Mercedes
83%
1950 Juan ManuelFangio Alfa Romeo
82%
1957 Juan ManuelFangio Maserati
82%
1984 Alain Prost McLaren-TAG
81%
1985 Alain Prost McLaren-TAG
81%
1986 Alain Prost McLaren-TAG
81%
1988 Alain Prost McLaren-Honda
81%
1998 Mika Häkkinen McLaren-Mercedes
77%
1975 Niki Lauda Ferrari
75%
1976 Niki Lauda Ferrari
75%
1963 Graham Hill BRM
69%
1964 Graham Hill BRM
69%
1965 Graham Hill BRM
69%
1968 Graham Hill Lotus-Cosworth
69%
1969 Graham Hill Lotus-Cosworth
69%
2000 David Coulthard McLaren-Mercedes
58%
2002 David Coulthard McLaren-Mercedes
58%
1959 Jack Brabham Cooper-Climax
54%
1966 Jackie Stewart BRM
53%
1971 Jackie Stewart Tyrell-Cosworth
53%
1973 Jackie Stewart Tyrell-Cosworth
53%
2003 Juan PabloMontoya Williams-BMW
53%
1981 Gilles Villeneuve Ferrari
46%
2004 Jarno Trulli Renault
46%
1977 Jody Scheckter Wolf-Cosworth
39%
1979 Jody Scheckter Ferrari
39%
1996 Olivier Panis Ligier-Mugen-Honda
31%
1970 Jochen Rindt Lotus-Cosworth
30%
1956 Stirling Moss Ferrari
30%
1960 Stirling Moss Lotus-Climax
30%
1961 Stirling Moss Lotus-Climax
30%
1962 Bruce McLaren Cooper-Climax
25%
1967 Denny Hulme Brabham-Repco
25%
1974 Ronnie Peterson Lotus-Cosworth
20%
1980 CarlosReutemann Williams-Cosworth
18%
1982 Ricardo Patrese Brabham-Cosworth
17%
1955 MauriceTrintignant Ferrari
10%
1958 MauriceTrintignant Cooper-Climax
10%
1978 Patrick Depailler Tyrell-Cosworth
6%
1972 Jean-PierreBeltiose BRM
2%
Nie znaleziono quizów pasujących do podanych kryteriów
Rozkład punktacji
Procent ludzi z każdym wynikiem
Percentyl według liczby udzielonych odpowiedzi
Twoja historia wyników
Nie rozwiązałeś tego quizu